LDR 00894naa#a2200169#i#450# 001 RU\\bibl\121595 005 20260502004846.6 011 ## _a1994-5655 100 ## _a20260428b2026####ek#y0rusy0150####ca 102 ## _aRU 200 1# _aКоми государственный педагогический институт в годы Великой Отечественной войны: учебный процесс и научная деятельность _eЖурнальная статья 210 1# _aСыктывкар _cФГБУ ФИЦ «Коми научный центр Уральского отделения Российской академии наук» _d2026 215 ## _a4 с. 608 ## _aЖурнальная статья _2local 675 ## _aИстория цивилизации. История культуры. 930.85 _z 700 #1 _aЗолотарев _gО. В. 856 4# _akomisc.editorum.ru _u